Quizzes
Events
Quiz Creation
Community
Videos
Private Events
Remove Ads
Sign In
Join for FREE
Feedback
Dark Mode
Quiz Categories
Sports
Geography
Music
Movies
Television
Just For Fun
Miscellaneous
History
Literature
Language
Science
Gaming
Entertainment
Religion
Holiday
For Kids
Quiz Lab
Recent
Popular Today
Quiz Kudos Today
Editor Picks
Curator Picks
Quizzes by...
Day
Popularity
Type
Ratings
Length
Year
Community
Subscriptions
Recent Discussions
Orange Saloon
Badges
Playlists
Quests
Create
Leaderboards
Showdown
Live 5
Trivia Bingo
Activity
Puzzle Library
Sporcle Events
Private Events
Virtual Trivia
Globe League
Become a Host
Pub Owners
SporcleCon
Opinionation
Our Games
Videos
Blog
Mobile Apps
Partnerships
Remove Ads and Go Orange
Feedback
Sports
Athletes
MLB
NBA
NHL
NFL
Soccer
Sports Teams
WWE
NCAA
Football
Premier League
Basketball
Baseball
Hockey
Golf
Tennis
Cricket
Rugby
Auto Racing
Olympics
World Cup
Sports
Athletes
MLB
NBA
NHL
NFL
Soccer
Sports Teams
WWE
NCAA
Football
Premier League
Basketball
Baseball
Hockey
Golf
Tennis
Cricket
Rugby
Auto Racing
Olympics
World Cup
Random Quiz
Search Sporcle
×
Editor Pick
Editor Pick
Sports
NHL
Type in answers that appear in a list
Type in answers that appear in a list
Classic
Best Score? Go Orange.
NHL Most Points for Every Team by Decade Stats
Can you name the players who scored the most points for every franchise in each decade since the 1970's?
By
jujuju
10m
100 Questions
5,367 Plays
5,367 Plays
5,367 Plays
Comments
Comments
Give Quiz Kudos
Give Quiz Kudos
-
- Ratings
hide this ad
More Info
Replay
Link that replays current quiz
Next Quiz
Link to next quiz in quiz playlist
You Got
0%
They Got
Avg Score
53%
Avg Friend Score
Upgrade to see
Score Distribution
Jump to the score distribution portion of the page
Score
0/100
Timer
10:00
2
Plays Today
% Correct
Wayne Gretzky
95%
Wayne Gretzky
95%
Wayne Gretzky
95%
Teemu Selanne
89.7%
Steve Yzerman
88.4%
Steve Yzerman
88.4%
Joe Sakic and Milan Hejduk
87.7%
Joe Sakic
87.5%
Mario Lemieux
87.1%
Mike Modano
86.3%
Mike Modano
86.3%
Jaromir Jagr
86.1%
Jaromir Jagr
86.1%
Jarome Iginla
85.7%
Sidney Crosby
84%
Alex Ovechkin
83.9%
Brett Hull
83.6%
Rick Nash
82.2%
Martin St. Louis
82.2%
Joe Thornton
81.6%
Paul Kariya
79.9%
Mats Sundin
78.9%
Mats Sundin
78.9%
Henrik Sedin
78.4%
Daniel Alfredsson
77.6%
Phil Esposito
77.5%
Eric Lindros
77%
Pavel Bure
76.1%
Ron Francis
74.7%
Ray Bourque
72%
Ray Bourque
72%
Pavel Datsyuk
71.6%
Guy Lafleur
71.5%
Bobby Clarke
71.2%
% Correct
Patrick Marleau
69.9%
Bryan Trottier
69.6%
Patrik Elias
69.5%
Jeremy Roenick
68.8%
Shane Doan
67.2%
Marian Gaborik
66.5%
Ilya Kovalchuk
64.3%
Theoren Fleury
63.6%
Rod Brind'Amour
63.2%
Denis Savard
61.9%
Peter Stastny
61.2%
Stan Mikita
60.7%
Alexei Yashin
60%
Alexei Yashin
60%
Dale Hawerchuk
59.9%
Saku Koivu
59.5%
Brian Leetch
59.2%
Peter Bondra
58.8%
Gilbert Perreault
57.7%
Keith Tkachuk
57.6%
Keith Tkachuk
57.6%
Alexander Mogilny
55.3%
Mats Naslund
52.8%
David Legwand
50.6%
Darryl Sittler
49.4%
Denis Potvin
47.9%
Mike Gartner
46.1%
Al MacInnis
45.2%
Olli Jokinen
45.1%
Doug Weight
44.2%
Vincent Damphousse
43.9%
Bernie Federko
43.5%
Simon Gagne
41.9%
Rod Gilbert
41.2%
% Correct
Bernie Nicholls
38.7%
Scott Mellanby
36%
Neal Broten
35.5%
Aaron Broten
35.4%
Derek Roy
34.9%
Brian Propp
32.4%
Stan Smyl
31.9%
Rick Vaive
30.2%
Phil Housley
29.9%
Steve Sullivan
26.2%
Shawn Horcoff
25.6%
Geoff Sanderson
21.4%
Brian Bradley
20.6%
Jean Pronovost
20%
Bobby Holik
19.8%
Garry Unger
17.3%
Mike Rogers
16.5%
Butch Goring
15.7%
Cliff Ronning
15.4%
Jeff Friesen
13.9%
Bill Goldsworthy
13.8%
Alexander Frolov
12.7%
Derek King
12.5%
Wilf Paiement
12.2%
Real Cloutier
10.9%
Tom Lysiak
10%
Andrew Brunette
8.9%
Don Maloney
8.2%
Morris Lukowich
6.3%
Don Lever
5%
Guy Charron
4.6%
Nick Libett
4.3%
Quiz Playlist
Details
Report
Send in Message
Add To Playlist
More Info:
1970: 1970-71 - 1979-80; 1980: 1980-81 - 1989-90; 1990: 1990-91 - 1999-00; 2000: 2000-01 - 2009-10; Calgary, Carolina, Colorado, Dallas, New Jersey, Phoenix, Winnipeg data include past locations
Classic:
Type in answers that appear in a list
Quiz Source
Last Updated: Feb 16, 2017
Editor Pick in
Sports
Curator Pick in
NHL
Quiz Scoreboard
CHALLENGE
Sign Up to Join the Scoreboard
Show All
Scores
Hide
Comments
May contain spoilers
Recently Published
NBA Finals Game Top Scorers (2010s)
by flibbidy
Sports
5m
Guess the 'R' Things in 3 Words
by MSUKent
Miscellaneous
3m
Actor to Badly Drawn Movie III
by MoMosMoProblems
Movies
5m
More to Explore
Quiz From the Vault
Featured Blog Post
Where Does Lost Luggage Go?
hide this ad
You Might Also Like...
Tags
Decade Quiz
NHL Quiz
NHL Points
Point Scorers
Points Leaders
Today's Top Quizzes in Sports
Browse Sports
hide this ad
Today's Top Quizzes in NHL
Browse NHL
Top Contributed Quizzes in Sports
1
Les joueurs à 100 buts en Ligue 1 Uber Eats
2
2022 World Cup Stars
3
2024 March Madness Bracket
4
Millionaire: NBA Finals Edition
5
Players with Multiple 50 Home Run Seasons
6
Nickname Match: Athletes VI
7
Criteria MLB: Left Handed Sluggers
8
Iconic Moments in Football - Multiple Choice
9
NFL MVPs ordered
10
First NBA MVP by Team
Explore More
Trending Topics
Marvel
Disney
Harry Potter
Crossword
Kpop
NBA
Anime
The Office
Soccer
Pokémon
Country
Puzzle
Song
NFL
WWE
hide this ad
More By:
jujuju
Quiz
Plays
Rating
Category
Featured
Created
All-NBA First Teams 2000's
13,937
4.08
Sports
Nov 30, 2010
Greatest NHL Trios by Team
7,716
4.44
Sports
Mar 13, 2013
Biggest Sports Upsets
6,254
2.93
Sports
Feb 28, 2010
NHL Most Points for Every Team by Decade
5,367
4.54
Sports
Dec 26, 2012
Second Largest Cities
4,773
4.12
Geography
Apr 5, 2010
Go to Creator's Profile
Score Distribution
Quiz Creator Spotlight
jujuju
Follow
Send a Message
Quizzes Created
-
Created Quiz Play Count
-
More By This Creator
Popular Quizzes Today
1
Find the US States - No Outlines Minefield
2
Find the US States
3
The Countries of the World
4
10 Largest US States in Order
5
Find the Countries of Europe - No Outlines Minefield
6
US States
7
Guess the 'R' Things in 3 Words
8
NBA Finals Game Top Scorers (2010s)
More Sports Quizzes
Last Ten: Manchester City Managers in Order
Quiz Lab
Trending Quizzes
First Name TV: Leading Men
Match the Book to the Film II
First Name TV: Leading Women Drama
3-Word Movies in 1 Word II
Match the Book to the Film VI
Recently Updated
Women's Final Four Teams by Year
bhenderson79
Presidents Quartet II
eogle
Anything But Clue(do)
eogle
Anything But Oceanian Capitals
eogle
Anything But 7
eogle
Anything But Thing
eogle
Word Ladder: February 29
pecheneg
Song Title Questions
pecheneg
Women's NCAA Tournament #1 Seeds
pecheneg
Celebrity Mug Shots
pecheneg
Trending Topics
NBA
Harry Potter
Marvel
Disney
Crossword
Kpop
Anime
Country
Song
Soccer
The Office
Pokémon
Puzzle
NFL
WWE
Your Account Isn't Verified!
In order to create a playlist on Sporcle, you need to verify the email address you used during registration. Go to your
Sporcle Settings
to finish the process.
Report this User
Report this user for behavior that violates our
Community Guidelines
.
Details:
Send Report
Go to the Sporcle.com Mobile Site →
Comments